Countries By Emojis - Statistics

General Stats
  • This quiz has been taken 66 times
    42 since last reset
  • The average score is 14 of 15
Answer Stats
Hint Answer % Correct
πŸ„β€β™‚οΈπŸ¦˜β¬‡οΈ Australia
100%
πŸ’β„οΈπŸ Canada
100%
🏭🐼πŸ₯‘ China
100%
🍷πŸ₯πŸš΄β€β™‚️ France
100%
πŸŒ§πŸ€πŸΊ Ireland
100%
πŸˆπŸ”πŸ—½ USA
100%
🏏🧘🐯 India
97%
β˜•οΈπŸ’‚β€β™€οΈβš½οΈ UK
97%
πŸ•πŸ¨πŸ›΅ Italy
94%
πŸ‘πŸ£πŸš… Japan
94%
β˜ͺοΈβœ‘οΈπŸ• Israel
83%
🐏🧈πŸ₯ New Zealand
78%
βŒšοΈπŸ§€πŸ” Switzerland
78%
πŸ‡ͺπŸ‡ΊπŸ«πŸ’Ž Belgium
72%
β›·πŸ›’πŸŸ Norway
61%
No matching quizzes found
Score Distribution
Percent of People with Each Score
Percentile by Number Answered
Your Score History
You have not taken this quiz since the last reset